000
00296nam a2200121Ia 4500
008
150201s2009 xx 000 0 und d
082
_a
610
_b
B10D
100
_a
BYNES JOHN W
245
_a
MEDICAL BIOCHEMISTRY
260
_b
MOSBY ELSEVIER
_a
DELHI
_c
2009
650
_a
BIOCHEMISTRY
942
_2
ddc
_c
BK
_0
1
999
_c
953
_d
953